The Black Keys Discography - Statistics

General Stats
  • This quiz has been taken 28 times
    26 since last reset
  • The average score is 7 of 16
Answer Stats
Type Year Name % Correct
Album 2010 Brothers
92%
Album 2011 El Camino
92%
Album 2014 Turn Blue
88%
Album 2004 Rubber Factory
71%
Album 2006 Magic Potion
67%
Album 2002 The Big Come Up
67%
Album 2008 Attack & Release
63%
Album 2003 Thickfreakness
63%
EP 2006 Chulahoma: The Songs of Junior Kimbrough
46%
Collaborative Album 2009 BlakRoc
21%
EP 2004 The Moan
17%
Video Album 2005 Live
8%
Video Album 2006 Austin City Limits Music Festival 2005
0%
Video Album 2008 Live at the Crystal Ballroom
0%
Bootleg Album 2006 Live in Austin, TX
0%
Video Album 2004 Thickfreakness in Austin
0%
No matching quizzes found
Score Distribution
Percent of People with Each Score
Percentile by Number Answered
Your Score History
You have not taken this quiz since the last reset